Оценка влияния технических параметров на качество планов стереотаксической радиохирургии опухолей головного мозга на основе дозиметрических и радиобиологических критериев; Перспективы развития фундаментальных наук; Т. 1 : Физика

Библиографические подробности
Источник:Перспективы развития фундаментальных наук=Prospects of Fundamental Sciences Development: сборник научных трудов XVIII Международной конференции студентов, аспирантов и молодых ученых, г. Томск, 27-30 апреля 2021 г./ Национальный исследовательский Томский политехнический университет (ТПУ) ; под ред. И. А. Курзиной, Г. А. Вороновой.— , 2021
Т. 1 : Физика.— 2021.— [С. 298-300]
Главный автор: Сагов И. Р. Ислам Русланович
Автор-организация: Национальный исследовательский Томский политехнический университет Инженерная школа ядерных технологий Отделение ядерно-топливного цикла
Другие авторы: Сутыгина Я. Н. Яна Николаевна (научный руководитель), Сухих Е. С. Евгения Сергеевна
Примечания:Заглавие с экрана
. Linac based radiosurgery to brain tumor is commonly planned with volumetric modulated arc therapy as it effectively achieves high conformality to complex target arrangements. The purpose of this study was to study the influence of the technical parameters on volumetric modulated arc therapy plan quality, delivery accuracy, and efficiency for SRS brain tumor.
Язык:русский
Опубликовано: 2021
Предметы:
Online-ссылка:http://earchive.tpu.ru/handle/11683/68249
Формат: Электронный ресурс Статья
Запись в KOHA:https://koha.lib.tpu.ru/cgi-bin/koha/opac-detail.pl?biblionumber=633432

MARC

LEADER 00000naa2a2200000 4500
001 633432
005 20250411112849.0
035 |a (RuTPU)RU\TPU\conf\35180 
035 |a RU\TPU\conf\35176 
090 |a 633432 
100 |a 20210818d2021 k y0rusy50 ca 
101 0 |a rus 
102 |a RU 
105 |a y z 100zy 
135 |a drcn ---uucaa 
181 0 |a i  
182 0 |a b 
200 1 |a Оценка влияния технических параметров на качество планов стереотаксической радиохирургии опухолей головного мозга на основе дозиметрических и радиобиологических критериев  |d The influence of the technical parameters of the SRS plans on the dosimetric and radiobiologic evaluation  |f И. Р. Сагов, Я. Н. Сутыгина, Е. С. Сухих  |g науч. рук. Е. С. Сухих 
203 |a Текст  |c электронный 
300 |a Заглавие с экрана 
320 |a [Библиогр.: с. 300 (2 назв.)] 
330 |a . Linac based radiosurgery to brain tumor is commonly planned with volumetric modulated arc therapy as it effectively achieves high conformality to complex target arrangements. The purpose of this study was to study the influence of the technical parameters on volumetric modulated arc therapy plan quality, delivery accuracy, and efficiency for SRS brain tumor. 
461 1 |0 (RuTPU)RU\TPU\conf\35054  |t Перспективы развития фундаментальных наук  |l Prospects of Fundamental Sciences Development  |o сборник научных трудов XVIII Международной конференции студентов, аспирантов и молодых ученых, г. Томск, 27-30 апреля 2021 г.  |o в 7 т.  |f Национальный исследовательский Томский политехнический университет (ТПУ) ; под ред. И. А. Курзиной, Г. А. Вороновой  |d 2021 
463 1 |0 (RuTPU)RU\TPU\conf\35055  |t Т. 1 : Физика  |v [С. 298-300]  |d 2021 
510 1 |a The influence of the technical parameters of the SRS plans on the dosimetric and radiobiologic evaluation  |z eng 
610 1 |a электронный ресурс 
610 1 |a труды учёных ТПУ 
610 1 |a технические параметры 
610 1 |a радиохирургия 
610 1 |a опухоли 
610 1 |a головной мозг 
610 1 |a дозиметрия 
610 1 |a лечение 
610 1 |a линейные ускорители 
610 1 |a критерии 
700 1 |a Сагов  |b И. Р.  |c специалист в области ядерных технологий  |c инженер Томского политехнического университета  |f 1995-  |g Ислам Русланович  |y Томск  |9 88544 
701 1 |a Сутыгина  |b Я. Н.  |c специалист в области ядерных технологий  |c инженер Томского политехнического университета  |f 1995-  |g Яна Николаевна  |9 23111 
701 1 |a Сухих  |b Е. С.  |c специалист в области атомной энергетики  |c доцент Томского политехнического университета, кандидат физико-математических наук  |f 1986-  |g Евгения Сергеевна  |y Томск  |3 (RuTPU)RU\TPU\pers\31149  |9 15345 
702 1 |a Сухих  |b Е. С.  |c специалист в области атомной энергетики  |c доцент Томского политехнического университета, кандидат наук  |f 1986-  |g Евгения Сергеевна  |4 727 
712 0 2 |a Национальный исследовательский Томский политехнический университет  |b Инженерная школа ядерных технологий  |b Отделение ядерно-топливного цикла  |3 (RuTPU)RU\TPU\col\23554 
801 2 |a RU  |b 63413507  |c 20210902  |g RCR 
856 4 |u http://earchive.tpu.ru/handle/11683/68249 
942 |c BK